Logo BPK

Bibliografia Prac Pracowników

Politechniki Koszalińskiej

Modelowanie systemu logistycznego stanowiska badawczego / (Rekord nr 566)

Szczegóły MARC
000 -ETYKIETA REKORDU
podpole kontrolne o stałej długości 01062naa a2200205 i 4500
001 - NUMER KONTROLNY REKORDU
podpole kontrolne 566
003 - IDENTYFIKATOR NUMERU KONTROLNEGO REKORDU
podpole kontrolne KOSZ 005
005 - DATA OSTATNIEJ MODYFIKACJI REKORDU
podpole kontrolne 20171214104612.0
008 - POLE O STAŁEJ DŁUGOŚCI - DANE KONTROLNE
podpole kontrolne o stałej długości 140530s2004 pl f |000 0 pol
040 ## - ŹRÓDŁO KATALOGOWANIA
Instytucja, która utworzyła rekord BPK
Instytucja, która dokonała modyfikacji KOSZ 005/EG
080 ## - UNIWERSALNA KLASYFIKACJA DZIESIĘTNA - UKD
UKD 005.51
100 1# - NAZWA OSOBOWA
Nazwa osobowa KORCZAK, Jerzy.
Lata pracy 2000 - .
Instytucja Politechnika Koszalińska - Wydział Ekonomii i Zarządzania,
Wydział Katedra Organizacji i Zarządzania
245 10 - TYTUŁ/ODPOWIEDZIALNOŚĆ
Tytuł Modelowanie systemu logistycznego stanowiska badawczego /
Pozostałe elementy strefy tytułu i oznaczenia odpowiedzialności Jerzy Korczak, Dariusz Woźniak.
500 ## - UWAGI OGÓLNE
Tekst uwagi Dane z autopsji.
520 ## - UWAGA DOTYCZĄCA TREŚCI DOKUMENTU
Analiza dokumentacyjna, adnotacja itp. W pracy zaprezentowano model systemu logistycznego stanowiska badawczego.
650 #0 - HASŁO PRZEDMIOTOWE W FORMIE NAZWY OGÓLNEJ LUB JEDNOSTKOWEJ
Nazwa ogólna lub geograficzna Logistyka.
700 1# - HASŁO DODATKOWE - NAZWA OSOBOWA
Nazwa osobowa WOŹNIAK, Dariusz.
Lata pracy 1996 - .
Instytucja Politechnika Koszalińska - Wydział Mechaniczny,
Wydział Katedra Inżynierii Mechanicznej
773 0# - TYTUŁ DOKUMENTU MACIERZYSTEGO
Wyrażenie wprowadzające W :
Tytuł Teoria i praktyka modelowania systemów logistycznych / red. nauk. Irena K. Hejduk. -
Adres wydawniczy Koszalin : Wydaw. Uczelniane Politechniki Koszalińskiej, 2004. -
Informacje dotyczące relacji s. 92-97
Strefa serii Monografia Wydziału Ekonomii i Zarządzania / Politechnika Koszalińska ; nr 99
942 ## - HASŁO DODATKOWE - ELEMENTY(KOHA)
Typ dokumentu Rozdział
Schemat klasyfikacji Uniwersalna klasyfikacja dziesiętna
Egzemplarze
Wycofany Zagubiony Uszkodzony Dostępność Lokalizacja stała Lokalizacja bieżąca Sygnatura Typ dokumentu
      Dostępny Bibliografia Prac Pracowników - BPK Bibliografia Prac Pracowników - BPK 72063 Rozdział
© 2014 Biblioteka Politechniki Koszalińskiej :: BIBLIOGRAFIA PRAC PRACOWNIKÓW